000 004720000a22001810004500
020 _a0-89840-196-8
041 0 _aENG
082 0 4 _aG 306.7 C585s
100 1 _aClair, Barry
245 1 0 _aSex : Desiring the best / Barry St. Clair, Bill Jones
260 _aSan Bernardino, CA., USA : Here's Life
300 _a191 Pag
001 9462
942 _cBK
999 _c39468
_d39468
336 _atexto
_btxt
_2rdacontent
337 _2rdamedia
_asin mediación
_bn
338 _2rdacarrier
_avolumen
_bnc